| 000 | 00717nam a22001937a 4500 | ||
|---|---|---|---|
| 005 | 20241127144307.0 | ||
| 008 | 241127b |||||||| |||| 00| 0 eng d | ||
| 020 | _a9780131988255 | ||
| 050 | _aQD31 PET | ||
| 100 | _aPetrucci, Ralph H. | ||
| 245 |
_aGeneral Chemistry/ _bprinciples and modern applications _cRalph H. Petrucci, William S. Harwood, F. Geoffrey Herring & Jeffry D. Madura |
||
| 250 |
_a9th ed. _bPearson International edition |
||
| 260 |
_aUpper Saddle River, New Jersey _bPearson Prentice Hall _c2007 |
||
| 300 |
_axxviii.1172.various paging _bill. some color _c27.5cm |
||
| 700 | _aHarwood, William S. | ||
| 700 | _aHerring, F. Geoffrey | ||
| 700 | _aMadura, Jeffry D. | ||
| 942 |
_2lcc _cBK _e9th ed. _n0 |
||
| 999 |
_c1626 _d1626 |
||